| 000 | 01594cam a22003254a 4500 | ||
|---|---|---|---|
| 001 | 15702837 | ||
| 005 | 20090811090657.0 | ||
| 008 | 090417s2008 nyuab b 001 0 eng d | ||
| 020 | _a1439110123 | ||
| 020 | _a9781439110126 (pbk.) | ||
| 040 |
_aBTCTA _cBTCTA _dYDXCP _dPNX _dAZDAC _dIAY _dDLC |
||
| 082 |
_222 _a338.272820904 _bYER |
||
| 100 | 1 |
_aYergin, Daniel. _929360 |
|
| 245 | 1 | 4 |
_aThe Prize : _bthe Epic Quest for Oil, Money & Power / _cDaniel Yergin. |
| 250 | _aFree Press trade pbk. ed. | ||
| 260 |
_aNew York : _bFree Press, _c2008. |
||
| 300 |
_axvii, 908 p., [32] p. of plates : _bill., maps ; _c24 cm. |
||
| 500 | _a"With a new epilogue"--Cover. | ||
| 504 | _aIncludes bibliographical references and index. | ||
| 650 | 0 |
_aPetroleum industry and trade _xPolitical aspects _xHistory _y20th century. _929361 |
|
| 650 | 0 |
_aPetroleum industry and trade _xMilitary aspects _xHistory _y20th century. _929362 |
|
| 650 | 0 |
_aWorld War, 1914-1918 _xCauses. _929363 |
|
| 650 | 0 |
_aWorld War, 1939-1945 _xCauses. _929364 |
|
| 650 | 0 |
_aWorld politics _y20th century. _929365 |
|
| 653 |
_bEco _cMarch2012 |
||
| 942 |
_2ddc _cBB |
||
| 999 |
_c16578 _d16578 |
||